000 00597nam a2200241Ia 4500
003 OSt
005 20221005083811.0
006 a|||||r|||| 00| 0
007 ta
008 221004b |||||||| |||| 00| 0 eng d
024 _a59992
037 _cTextual
040 _aCRL
_cCRL
_beng
041 _2eng
_aeng
082 _aV2:3(Q).N9, N6
100 _aRay A K
245 0 _aReligion and the secular man
260 _aNew Delhi
_bWheeler
_c1996
300 _a355p.
_ccm.
650 _aHISTORY
942 _hV2:3(Q).N9, N6
_cTEXL
_2cc
999 _c991554
_d991554